Ako riešime súčasné problémy zborového spevu na Slovensku /Prehľad súťaží speváckych zborov za r. 1973-1980./

Bibliographic Details
Main Author: Mésárošová, Marcella, 1929-1988 (Author)
Format: Article
Language:Slovak
Subjects:

MARC

LEADER 00000nab a2200000 a 4500
001 vtls000078621
003 SK-MaSNL
005 20260303191656.0
008 111103c1981 xo 0 slo
015 |a SNBRB19rr/mm-uuuuu 
035 |a CL0088722 
040 |a SNKBUCL  |b slo  |c SNKBUCL  |e AACR2 
041 0 |a slo 
044 |a xo  |c SK 
080 |a 784  |2 1981 
100 1 |a Mésárošová, Marcella,  |d 1929-1988  |4 aut  |9 48704 
245 1 0 |a Ako riešime súčasné problémy zborového spevu na Slovensku  |b /Prehľad súťaží speváckych zborov za r. 1973-1980./  |c Marcella Mésárošová 
650 0 7 |a spevácke zbory  |2 SNKPH  |9 3197 
655 7 |a články z novín a časopisov  |2 snkbucl  |9 267496 
773 0 |t Rytmus  |g Roč. 32, č. 1 (1981), s. 8-9 
850 |a Slovenská národná knižnica v Martine  |a MTA001 
852 |a SNK  |b KIS3GCP 
958 |a RK 
992 |a RBX 
999 |c 2142321  |d 2144251